Made in China už se tolik nevyplácí

Stále populárne prenášanie výroby, vývoja a logistiky z bohatších krajín do krajín s nižšími nákladmi. Klesajúca tendencia offshoringu. Čína ako hlavná destinácia. Rastúce ceny domácich dodávateľov, rast cien prenájmu priemyselných nehnuteľností a rast nákladov na logistiku. Návrat firiem do domovsk...

Descrizione completa

Salvato in:
Dettagli Bibliografici
Autore principale: Kolář, Vojtěch
Natura: Capitolo di libro
Lingua:ceco
Soggetti:
Tags: Aggiungi Tag
Nessun Tag, puoi essere il primo ad aggiungerne!!

MARC

LEADER 00000naa a2200000 4500
001 0245611
005 20180620084531.9
041 0 |a cze 
044 |a CZ 
245 1 0 |a Made in China už se tolik nevyplácí  |c Vojtěch Kolář 
520 |a Stále populárne prenášanie výroby, vývoja a logistiky z bohatších krajín do krajín s nižšími nákladmi. Klesajúca tendencia offshoringu. Čína ako hlavná destinácia. Rastúce ceny domácich dodávateľov, rast cien prenájmu priemyselných nehnuteľností a rast nákladov na logistiku. Návrat firiem do domovskej krajiny a zavádzanie robotov či vyššieho stupňa automatizácie. Praktické príklady. 
610 2 0 |a offshoring 
610 2 0 |a outsourcing 
610 2 0 |a výroba 
610 2 0 |a logistika 
610 2 0 |a priemysel textilný 
610 2 0 |a obuv 
610 2 0 |a náklady 
610 2 0 |a sily pracovné 
610 2 0 |a Čína 
610 2 0 |a Česko 
100 1 |a Kolář, Vojtěch